00394cam a22001691 4500001000800000005001700008008004100025010001700066035001800083040002500101041000800126042001200134080001300146100000700159101000800166245005000174827096320180222080650.0731227s1927 maua 000 0 eng  a 27023627  a(OCoLC)767244 aDLCcOYUdOCoLCdDLC aeng apremarc a330 ALB1 a52 aECO10aEconomic problems,cby Allyn Abbott Young ...